Diseases of the extracellular matrix, cytoskeleton and signal transduction matrix metalloproteinases /

Elmentve itt :
Bibliográfiai részletek
Szerzők: Bencsik Péter
Csonka Csaba
Csont Tamás
Sárközy Márta
Dokumentumtípus: Vegyes gyűjtemény
Tárgyszavak:
Online Access:http://eta.bibl.u-szeged.hu/2544
LEADER 00767npc a2200205 i 4500
001 eta2544
005 20200319124944.0
008 200319suuuu hu o 0|| eng d
040 |a SZTE Elektronikus Tananyag Archívum  |b hun 
041 |a eng 
100 1 |a Bencsik Péter 
245 1 0 |a Diseases of the extracellular matrix, cytoskeleton and signal transduction   |h [elektronikus dokumentum] :  |b matrix metalloproteinases /  |c  Bencsik Péter 
650 4 |a Természettudományok 
650 4 |a Biológiai tudományok 
650 4 |a Sejtbiológia, mikrobiológia 
650 4 |a Orvos- és egészségtudomány 
700 0 1 |a Csonka Csaba  |e aut 
700 0 1 |a Csont Tamás  |e aut 
700 0 1 |a Sárközy Márta  |e aut 
856 4 0 |u https://eta.bibl.u-szeged.hu/2544/2/4/index.html  |z Dokumentum-elérés